00170nam a2200073 a 450000500170000000800410001705000170005824500210007520140414131844.0100524s19uu xx 00 eng d aM 220.9bMIS aThe missing boy.